00892nam a2200217 a 450000100100000000500170001000800410002702000150006804000250008308200150010810000370012324500990016026000340025930000320029349000330032550000740035871000720043283000400050495201130054499900170065700004146820201002034921.0131007s1988 sp ab 000 0 spa d a8400068688 aDO-SdBNPbspacBNPHU axxxbR484h1 aRibera i Faig, Estanislao96815010aHistoria del interés anglosajón por la geología de España /cEstanislao Ribera i Faig. aMadrid :bC. S. I. C.,c1988. axx, 522 p. :bil. ;c22 cm.1 aEstudios sobre la cienciav3 aIncluye referencias bibliográficas y notas al pie de las páginas.2 aConsejo Superior de Investigaciones Científicas (España)915178 0aEstudios sobre la ciencian3968151 001050718MOaGRbGRcCTd2013-10-07iLF1l0oxxx R484hp41468-10r2020-06-25w2020-06-25y1ZNo se presta c40958d40958